000 00531nam a2200181Ia 4500
005 20250326130223.0
008 250326s9999 xx 000 0 und d
037 _aTextbook
040 _aFMSL
_beng
_cFMSL
041 _aeng
_2eng
084 _aX9W.44 L1
_qFMSL
100 _aMallya N N
245 0 _aPublic enterprises in India
_cMallya N N
260 _aNew Delhi
_bNew Delhi, Institute of Constitutional & Parliamantory Studies
_c1971
300 _a292p
942 _cTB
_hX9W.44 L1
999 _c1281517
_d1281517